000
00331nam a2200121Ia 4500
008
241028s9999 xx 000 0 und d
041
_a
eng
082
_a
658.8342 NEL
100
_a
Amy Nelson
245
_a
Consumer Behavior: Building Marketing Strategy
260
_b
Murphy & Moore Publishing
_a
USA
_c
2022
300
_a
233;. P. 27 cm
999
_c
42954
_d
42954